| 000 | 00639cam a2200217 4500 | ||
|---|---|---|---|
| 001 | ABS62153 | ||
| 008 | 000000n2000 000 0 eng u | ||
| 035 | _a(Sirsi) u105537 | ||
| 100 | _aMoore, P. | ||
| 245 | _aSalary survey shows need to value staff more highly | ||
| 260 | _c2000 | ||
| 490 |
_aCSM (Chartered Surveyor Monthly) _vApril 2000, 28(1) |
||
| 520 | _aSummary of the latest RICS/Macdonald and Company salary survey. | ||
| 590 | _aABS | ||
| 650 | _aSALARY SURVEYS | ||
| 650 | _aABOUT RICS-RICS MEMBERS | ||
| 650 | _aRICS | ||
| 650 | 0 | _aMACDONALD AND COMPANY | |
| 690 | _aMANAGEMENT-BUSINESS MANAGEMENT | ||
| 942 | _n0 | ||
| 999 |
_c63236 _d63236 |
||